Pays des BRICS - Statistiques

Statistiques générales
  • Ce quiz a été pris 112 fois
  • Le résultat moyen est 5 sur 10
Answers on the Grid
Answers color-coded by a green-red scale on the quiz's grid according to % correct below.
Algérie
Brésil
Iran
Serbie
Inde
Indonésie
Kazakstan
Égypte
Corée du Nord
Afrique du Sud
Émirats Arabes Unis
Russie
Biélorussie
Chili
Irak
Somalie
Pakistan
Chine
Venezuela
République Démocratique du Congo
Bangladesh
Arabie saoudite
Vietnam
Lesotho
États-Unis
Éthiopie
Serbie
Mexique
 
Statistiques - réponses
Réponse % Correct
Brésil
98%
Inde
84%
Chine
81%
Russie
81%
Afrique du Sud
68%
Iran
29%
Arabie saoudite
24%
Égypte
16%
Émirats Arabes Unis
11%
Éthiopie
9%
Aucun quiz correspondant
Distribution des résultats
% des personnes avec chaque résultat
Percentile par nombre de réponses
Votre historique - résultats
Vous n’avez pas pris ce quiz